00722naa a2200217 450000500170000000800410001701000140005802000260007202000230009803500130012103700160013404000180015008200080016810000270017624500690020326000750027227000560034730000330040365000450043670000230048120090821105913.0090821t xxu||||| |||| 00| 0 eng d aENG-94779 c204.00a9788177097979 c204.00a8177097970 aEN-78312 bDBAD / PUB adplbEnglish  a540 aAhluwalia, Vinod Kumar aChemistry MCQ/cby Vinod Kumar Ahluwalia [and] Ashis Kumar Ghosh aNew DelhibBharati Bhawan Publishers & Distributorsc2009 (re. print)  a4271/3, Ansari Road, Daryaganj,bNew Delhie110 002 avarious pagings. c22cm(pbk) aChemistryxExaminations, questions, etc. aGhosh, Ashis Kumar